| 000 | 00785nam a2200217Ii 4500 | ||
|---|---|---|---|
| 003 | JO-AjNU | ||
| 008 | 230605s9999||||xx |||||||||||||| ||und|| | ||
| 017 | _a2017/12/6326 | ||
| 040 |
_aJO-AjNU _bara _erda _cJO-AjNU |
||
| 041 | _aara | ||
| 050 | 1 | 4 | _aPJ8232.Z83 2018 |
| 100 | 3 |
_aاعداد الزعبي، أحمد شريف, _eauthor _959296 |
|
| 245 | 0 | 0 | _aالألعاب الشعبية الأردنية |
| 250 | _aط1 | ||
| 264 | 3 | 1 | _aعمان:دار يافا للنشر والتةزيع، 2018 |
| 300 |
_a109ص _bيحتوي على صور توضيحية/ ومراجع من ص107- 109 |
||
| 336 |
_atext _btxt _2rdacontent |
||
| 337 |
_aunmediated _bn _2rdamedia |
||
| 338 |
_avolume _bnc _2rdacarrier |
||
| 650 | 4 |
_aالالعاب - الادب الشعبي- الاردن _959297 |
|
| 999 |
_aA26676 _c30244 _d30244 |
||